Diccionario Biográfico del Clero secular de Chile. 1535-1918
Guardat en:
| Autor principal: | |
|---|---|
| Format: | Llibre |
| Idioma: | espanyol |
| Publicat: |
Santiago
Imprenta Chile
1922
|
| Edició: | 1a. ed |
| Matèries: | |
| Etiquetes: |
Afegir etiqueta
Sense etiquetes, Sigues el primer a etiquetar aquest registre!
|
MARC
| LEADER | 00000nam a2200000 a 4500 | ||
|---|---|---|---|
| 001 | UCJ5873 | ||
| 003 | CL-VaPUC | ||
| 008 | 070124e19220000CL |||||||||||||||||spa|d | ||
| 082 | 0 | 4 | |a 920 |b PRI |2 21 |
| 100 | 0 | |a Prieto del Río, Luis Francisco |e author |9 511747 | |
| 245 | 1 | 0 | |a Diccionario Biográfico del Clero secular de Chile. 1535-1918 |
| 250 | |a 1a. ed | ||
| 300 | |a 738 p | ||
| 942 | |c BK | ||
| 945 | |d 20070124 00:00:00 |a rinostro | ||
| 260 | |a Santiago |b Imprenta Chile |c 1922 | ||
| 500 | |a Front., fotografía del autor | ||
| 650 | 7 | |a DICCIONARIO |2 CL-VaPUC |9 511748 | |
| 650 | 0 | |a Clero secular |9 433056 | |
| 650 | 0 | |a Sacerdotes |9 315705 | |
| 650 | 0 | |a Presbíteros |9 399973 | |
| 650 | 0 | |a Iglesia Católica |9 256114 | |
| 650 | 0 | |a Biografías |9 255210 | |
| 650 | 0 | |a Iconografía |9 267998 | |
| 650 | 0 | |a Historia de Chile |9 265473 | |
| 583 | |a last modification |c 20070124 00:00:00 |k Rodrigo Vera | ||
| 999 | |c 321981 |d 321979 | ||
| 952 | |0 0 |1 0 |4 0 |6 920_000000000000000_PRI_1922 |7 0 |8 X |9 400882 |a FDOBUD |b FDOBUD |d 2019-11-22 |i 1040863 |o 920 PRI 1922 |p 1040863 |r 2019-11-22 |w 2019-11-22 |y BK_X |k BUD | ||